[Event "Rio de Janeiro Alex op"]
[Site "Rio de Janeiro"]
[Date "2016.06.12"]
[Round "2"]
[White "Mascarenhas, Alberto Pinheiro"]
[Black "Ramos, Leo"]
[Result "1-0"]
[WhiteElo "2206"]
[BlackElo "2033"]
[PlyCount "77"]
[EventDate "2016.06.12"]
[EventType "swiss"]
[EventRounds "6"]
[EventCountry "BRA"]
[SourceTitle "CBM 173 Extra"]
[Source "ChessBase"]
[SourceDate "2016.08.29"]
[SourceVersion "1"]
[SourceVersionDate "2016.08.29"]
[SourceQuality "1"]

1. c4 Nf6 2. Nc3 c5 3. Nf3 g6 4. e4 Nc6 5. d4 cxd4 6. Nxd4 d6 7. Be2 Bg7 8. Be3 Nxd4 9. Bxd4 Be6 10. Nd5 Bxd5 11. exd5 0-0 12. 0-0 e5 13. dxe6 fxe6 14. Bf3 e5 15. Be3 e4 16. Bxe4 Nxe4 17. Qd5+ Rf7 18. Qxe4 Bxb2 19. Rab1 Qf6 20. Rfd1 Qe5 21. Qc2 Ba3 22. Rd5 Qe7 23. Qc3 Bc5 24. Bxc5 dxc5 25. Re1 Qc7 26. Qe3 b6 27. g3 Raf8 28. f4 Qc8 29. Qd3 Qg4 30. Kh1 h6 31. Rd6 Rf6 32. Qd5+ Kg7 33. Rxf6 Kxf6 34. Qd6+ Kg7 35. Re7+ Rf7 36. Qe5+ Kg8 37. Re8+ Rf8 38. Qd5+ Kg7 39. Re7+ 1-0

[Event "Rio de Janeiro Alex op"]
[Site "Rio de Janeiro"]
[Date "2016.06.12"]
[Round "1"]
[White "Ramos, Leo"]
[Black "Leite, Tarcisio Dantas Fro"]
[Result "1-0"]
[WhiteElo "2033"]
[BlackElo "1631"]
[PlyCount "107"]
[EventDate "2016.06.12"]
[EventType "swiss"]
[EventRounds "6"]
[EventCountry "BRA"]
[SourceTitle "CBM 173 Extra"]
[Source "ChessBase"]
[SourceDate "2016.08.29"]
[SourceVersion "1"]
[SourceVersionDate "2016.08.29"]
[SourceQuality "1"]

1. e4 e5 2. Nf3 Nf6 3. d4 exd4 4. e5 Nd5 5. Qxd4 Nb6 6. Nc3 Nc6 7. Qe4 Be7 8. Bd2 0-0 9. 0-0-0 d5 10. exd6 Bxd6 11. Bg5 Qe8 12. Qh4 Bf5 13. Bb5 Qe6 14. Rhe1 Qg6 15. g4 Bxc2 16. Bxc6 bxc6 17. Rd2 Bd3 18. Re3 Bc4 19. Nd4 Bd5 20. b3 Ba3+ 21. Kd1 Rfe8 22. Rde2 Rxe3 23. Rxe3 Bc5 24. Nf5 Be6 25. Rf3 Nd5 26. Ne4 Bb4 27. Ke2 Re8 28. Kf1 Bc8 29. Neg3 Ba6+ 30. Kg2 Be2 31. Nxe2 Rxe2 32. Bd2 Bf8 33. Rd3 Qe6 34. Qg3 Qe4+ 35. Qf3 Qxf3+ 36. Kxf3 Re8 37. Nd4 c5 38. Nc6 Nb4 39. Nxb4 cxb4 40. Rd5 Bd6 41. h3 h6 42. Rb5 c5 43. Be3 Rc8 44. Ke4 c4 45. bxc4 Rxc4+ 46. Kd5 a6 47. Kxc4 axb5+ 48. Kxb5 Kf8 49. Bd2 Ke8 50. Bxb4 Be5 51. a4 Kd7 52. Kb6 Bc7+ 53. Kb7 g6 54. a5 1-0